Business Environment Entrepreneurship,Development / (Record no. 205302)

MARC details
000 -LEADER
fixed length control field 00641 a2200181 4500
010 ## - LCCN (DPL NO)
LC control number ENG-141457
020 ## - INTERNATIONAL STANDARD BOOK NUMBER
International Standard Book Number 9789383241781
Terms of availability 400.00
035 ## - SYSTEM CONTROL NUMBER
System control number EN-124989
037 ## - SOURCE OF ACQUISITION
Source of stock number/acquisition DBAD
082 14 - DEWEY DECIMAL CLASSIFICATION NUMBER
Classification number 363
Edition number First
100 ## - MAIN ENTRY--PERSONAL NAME
Personal name T.S, Aravind
245 1# - TITLE STATEMENT
Title Business Environment Entrepreneurship,Development /
Statement of responsibility, etc edited by Arvind .T.S
260 ## - PUBLICATION, DISTRIBUTION, ETC. (IMPRINT)
Place of publication, distribution, etc Bangalore
Name of publisher, distributor, etc Archers & Elevators Publishing House
Date of publication, distribution, etc 2014
270 ## - ADDRESS
Address 131 AGB Lay out ,6th Cross ,Hesaraghatta Main Road
City Bangalore
Postal code 560090
Electronic mail address archerselevators@gmail.com
300 ## - PHYSICAL DESCRIPTION
Extent 223p.:
Dimensions 20cm(Pb)
700 ## - ADDED ENTRY--PERSONAL NAME
9 (RLIN) 70554
942 ## - ADDED ENTRY ELEMENTS (KOHA)
Institution code [OBSOLETE] dpl
Item type English Books
Source of classification or shelving scheme Dewey Decimal Classification
Classification part 363
Call number suffix DTS
Edition First
Holdings
Withdrawn status Lost status Not for loan Collection code Home library Current library Date acquired Source of acquisition Cost, normal purchase price Full call number Barcode Copy number Cost, replacement price Koha item type
      Non-fiction Shahdara Branch Shahdara Branch 27/08/2024 DBAD 400.00 363 DTS EN-124989 1 400.00 English Books

© Delhi Public Library
Hit Counter
free hit counter